000
00343nam a22001457a 4500
020
_a
900457455
082
_a
297.03 BRI Vol.IV ( IRAN-KHA)
100
_a
Brill E.J
245
_a
The Encyclopedia of Islam
250
_a
New Edition
260
_a
London
_b
E.J Brill
_c
1978
300
_a
1188
650
_a
Encyclopedia - Islam
942
_c
BK
999
_c
19680
_d
19680